Правила, нормы, инструкции пожарной безопасности 2003-2004: Новые редакции; Нормы пожарной безопасности "Системы оповещения и управления эвакуацией людей при пожарах в зданиях и сооружениях" (НПБ 104-03); Инструкция по организации и осуществлению государственного пожарного надзора в РФ.; Перечень зданий, сооружений, помещений и оборудования, подлежащих защите автоматическими установками пожаротушения и автоматической пожарной сигнализацией (НПБ 110-03; Правила пожарной безопасности в Российской Федерации (ППБ 01-03)
| مؤلف مشترك: | |
|---|---|
| اللغة: | الروسية |
| منشور في: |
Новосибирск, РИПЭЛ, 2003
|
| TOC: | Нормы пожарной безопасности "Системы оповещения и управления эвакуацией людей при пожарах в зданиях и сооружениях" (НПБ 104-03); Инструкция по организации и осуществлению государственного пожарного надзора в РФ.; Перечень зданий, сооружений, помещений и оборудования, подлежащих защите автоматическими установками пожаротушения и автоматической пожарной сигнализацией (НПБ 110-03; Правила пожарной безопасности в Российской Федерации (ППБ 01-03); |
| الموضوعات: | |
| التنسيق: | كتاب |
| KOHA link: | https://koha.lib.tpu.ru/cgi-bin/koha/opac-detail.pl?biblionumber=60644 |
MARC
| LEADER | 00000nam0a2200000 4500 | ||
|---|---|---|---|
| 001 | 60644 | ||
| 005 | 20231031061714.0 | ||
| 035 | |a (RuTPU)RU\TPU\book\64130 | ||
| 090 | |a 60644 | ||
| 100 | |a 20040216d2003 k y0rusy50 ca | ||
| 101 | 0 | |a rus | |
| 102 | |a RU | ||
| 105 | |a y l 000zy | ||
| 200 | 1 | |a Правила, нормы, инструкции пожарной безопасности 2003-2004 |e Новые редакции |f Министерство Российской Федерации по делам гражданской обороны, чрезвычайным ситуациям и ликвидации последствий стихийных бедствий | |
| 210 | |a Новосибирск |c РИПЭЛ |d 2003 | ||
| 215 | |a 192 с. | ||
| 464 | |t Нормы пожарной безопасности "Системы оповещения и управления эвакуацией людей при пожарах в зданиях и сооружениях" (НПБ 104-03) | ||
| 464 | |t Инструкция по организации и осуществлению государственного пожарного надзора в РФ. | ||
| 464 | |t Перечень зданий, сооружений, помещений и оборудования, подлежащих защите автоматическими установками пожаротушения и автоматической пожарной сигнализацией (НПБ 110-03 | ||
| 464 | |t Правила пожарной безопасности в Российской Федерации (ППБ 01-03) | ||
| 610 | 1 | |a пожарная безопасность | |
| 610 | 1 | |a Российская Федерация | |
| 610 | 1 | |a правила | |
| 610 | 1 | |a нормы | |
| 610 | 1 | |a инструкции | |
| 610 | 1 | |a пожары | |
| 610 | 1 | |a эвакуация | |
| 610 | 1 | |a государственный пожарный надзор | |
| 610 | 1 | |a автоматические установки | |
| 610 | 1 | |a автоматическая пожарная сигнализация | |
| 675 | |a 614.841.3 |v 3 | ||
| 712 | 0 | 1 | |a Российская Федерация |b Министерство по делам гражданской обороны, чрезвычайным ситуациям и ликвидации последствий стихийных бедствий (МЧС России) |c (1994- ) |2 stltpush |3 (RuTPU)RU\TPU\col\9288 |
| 801 | 1 | |a RU |b 63413507 |c 20040216 |g PSBO | |
| 801 | 2 | |a RU |b 63413507 |c 20091208 |g PSBO | |
| 900 | |a Правовые основы гражданской защиты | ||
| 900 | |a Системы связи и оповещения | ||
| 942 | |c BK | ||